Effects of low dissolved-oxygen concentrations on poly-(3-hydroxybutyrate-co-3-hydroxyvalerate) production by alcaligenes eutrophus /

Đã lưu trong:
Sonraí Bibleagrafaíochta
Príomhúdar: Lefebvre, G.
Údair Eile: Braunegg, G., Rocher, M.
Formáid: Bài viết
Teanga:English
Ábhair:
Clibeanna: Cuir Clib Leis
Gan Chlibeanna, Bí ar an gcéad duine leis an taifead seo a chlibeáil!
Thư viện lưu trữ: Thư viện Trường Đại học Đà Lạt
LEADER 00920nam a2200277 4500
001 DLU090096446
005 ##20091201
040 # # |a DLU  |b eng 
041 # # |a eng 
044 # # |a us 
100 # # |a Lefebvre, G.  
245 # # |a Effects of low dissolved-oxygen concentrations on poly-(3-hydroxybutyrate-co-3-hydroxyvalerate) production by alcaligenes eutrophus /  |c G. Lefebvre, M. Rocher, G. Braunegg. 
653 # # |a Alcaligenes eutrophus  
653 # # |a Low dissolved-oxygen concentrations 
700 # # |a Braunegg, G. 
700 # # |a Rocher, M. 
773 # # |t Applied and Environmental Microbiology  |g Vol. 63, no. 3 (March 1997), p. 827-833 
920 # # |a Phòng Tạp chí -- Trung tâm Thông tin - Thư viện Trường Đại học Đà Lạt 
994 # # |a DLU 
900 # # |a True 
911 # # |a Trương Bảo Trâm Anh 
925 # # |a G 
926 # # |a A 
927 # # |a BB 
980 # # |a Thư viện Trường Đại học Đà Lạt